A democratic future for the English regions (Record no. 71093)

MARC details
000 -LEADER
fixed length control field 01035cam a2200241 4500
001 - CONTROL NUMBER
control field ABS65862
008 - FIXED-LENGTH DATA ELEMENTS--GENERAL INFORMATION
fixed length control field 020905n2002 000 0 eng u
035 ## - SYSTEM CONTROL NUMBER
System control number (Sirsi) u119575
100 ## - MAIN ENTRY--PERSONAL NAME
Personal name Roberts, P.
245 #2 - TITLE STATEMENT
Title A democratic future for the English regions
260 ## - PUBLICATION, DISTRIBUTION, ETC.
Date of publication, distribution, etc. 2002
490 ## - SERIES STATEMENT
Series statement Town & Country Planning
Volume/sequential designation 71 (July/August 2002) 194-195(2)
520 ## - SUMMARY, ETC.
Summary, etc. The White paper 'Your region your choice', published in May has outlined a set of proposals designed to deliver eight elected regional assemblies in the English regions outside greater London. What is proposed is the regions have a blend of different types of executive functions. However, it is essential to see devolution as a much more gradual process rather than a single event.
590 ## - LOCAL NOTE (RLIN)
Local note ABS
650 ## - SUBJECT ADDED ENTRY--TOPICAL TERM
Topical term or geographic name entry element REGIONAL ASSEMBLIES
650 ## - SUBJECT ADDED ENTRY--TOPICAL TERM
Topical term or geographic name entry element ENGLISH REGIONS
650 ## - SUBJECT ADDED ENTRY--TOPICAL TERM
Topical term or geographic name entry element SCOTTISH PARLIAMENT
650 ## - SUBJECT ADDED ENTRY--TOPICAL TERM
Topical term or geographic name entry element GREATER LONDON ASSEMBLY
650 ## - SUBJECT ADDED ENTRY--TOPICAL TERM
Topical term or geographic name entry element REGIONAL DEVELOPMENT AGENCIES
650 ## - SUBJECT ADDED ENTRY--TOPICAL TERM
Topical term or geographic name entry element NICK RAYNSFORD
690 ## - LOCAL SUBJECT ADDED ENTRY--TOPICAL TERM (OCLC, RLIN)
Topical term or geographic name as entry element LOCAL GOVERNMENT
942 ## - ADDED ENTRY ELEMENTS (KOHA)
Suppress in OPAC 0
Holdings
Withdrawn status Lost status Source of classification or shelving scheme Damaged status Not for loan Home library Current library Shelving location Date acquired Total Checkouts Full call number Barcode Date last seen Copy number Price effective from Koha item type
    Dewey Decimal Classification     London London Journal article 05/09/2002   ABS65862 119575-1001 06/08/2019 1 06/08/2019 Journal article